Xu hướng mới kiến trúc : Đô thị thế giới Việt Nam thời hội nhập

Zapisane w:
Opis bibliograficzny
1. autor: Nguyễn, Hữu Thái
Format: Książka
Język:Undetermined
Wydane: Hà Nội Xây dựng 2003
Hasła przedmiotowe:
Etykiety: Dodaj etykietę
Nie ma etykietki, Dołącz pierwszą etykiete!
Thư viện lưu trữ: Trung tâm Học liệu Trường Đại học Cần Thơ
LEADER 00622nam a2200205Ia 4500
001 CTU_75109
008 210402s9999 xx 000 0 und d
020 |b 42000 
082 |a 711.5597 
082 |b Th103 
100 |a Nguyễn, Hữu Thái 
245 0 |a Xu hướng mới kiến trúc : 
245 0 |b Đô thị thế giới Việt Nam thời hội nhập 
245 0 |c Nguyễn Hữu Thái 
260 |a Hà Nội 
260 |b Xây dựng 
260 |c 2003 
650 |a cities and town 
904 |i Trọng Hải 
980 |a Trung tâm Học liệu Trường Đại học Cần Thơ